| 000 | 00758nam a22001937a 4500 | ||
|---|---|---|---|
| 999 |
_c194212 _d194212 |
||
| 005 | 20221209152543.0 | ||
| 010 | _aUR-11785 | ||
| 020 |
_a9789392496189 _c250.00 |
||
| 035 | _aU-10340 | ||
| 037 |
_bDBAD/PUB _a- |
||
| 082 | _a270 | ||
| 100 | _aمقبول احمد | ||
| 245 |
_aحید رآباد کے غیر مسلم گر ہوں میں مسلمانوں کے بارے میں خیالات / _cمقبول احمد _hا ر د و |
||
| 246 |
_aHyderabad ke Ghair muslim grohon mein musalmanon ke bare mein khayalat / _bby Maqbool Ahmed |
||
| 260 |
_aNew Delhi _bEducational Publishing House _c2021 ء |
||
| 270 |
_aH.o. D1/16, Ansari Road, Darya Ganj _bNew Delhi _e110002 |
||
| 300 |
_a225 ص _c21cm(pbk) |
||
| 942 |
_2ddc _cUR _h270 _mم ق ب |
||